[Event "Urals-ch 78th"]
[Site "Cheliabinsk"]
[Date "2020.09.29"]
[Round "3"]
[White "Zasukhin, Vadim Borisovich"]
[Black "Pranizin, Gennady"]
[Result "1-0"]
[WhiteElo "2274"]
[BlackElo "2179"]
[PlyCount "69"]
[EventDate "2020.09.27"]
[EventType "swiss"]
[EventRounds "9"]
[EventCountry "RUS"]
[SourceTitle "CBM 198 Extra"]
[Source "ChessBase"]
[SourceDate "2020.11.30"]
[SourceVersion "1"]
[SourceVersionDate "2020.11.30"]
[SourceQuality "1"]

1. e4 e5 2. Nf3 Nc6 3. d4 exd4 4. Nxd4 Nf6 5. Nxc6 bxc6 6. e5 Ne4 7. Nd2 Nc5 8. Be2 Be7 9. 0-0 0-0 10. Nb3 Nxb3 11. axb3 d5 12. exd6 cxd6 13. Be3 Bf6 14. c3 Qe7 15. Re1 Be6 16. Bf3 d5 17. b4 Rfd8 18. Bc5 Qb7 19. Ra5 d4 20. cxd4 Bd5 21. Bxd5 cxd5 22. Qe2 h6 23. Qb5 Qc7 24. g3 Rdb8 25. Qa4 a6 26. Rxa6 Qb7 27. Rxa8 Rxa8 28. Re8+ Rxe8 29. Qxe8+ Kh7 30. b5 Qc7 31. b4 h5 32. Qc6 Qd8 33. b6 h4 34. b7 hxg3 35. hxg3 1-0

[Event "Urals-ch 78th"]
[Site "Cheliabinsk"]
[Date "2020.09.28"]
[Round "2"]
[White "Pranizin, Gennady"]
[Black "Remizov, Yaroslav"]
[Result "1-0"]
[WhiteElo "2179"]
[BlackElo "2403"]
[PlyCount "95"]
[EventDate "2020.09.27"]
[EventType "swiss"]
[EventRounds "9"]
[EventCountry "RUS"]
[SourceTitle "CBM 198 Extra"]
[Source "ChessBase"]
[SourceDate "2020.11.30"]
[SourceVersion "1"]
[SourceVersionDate "2020.11.30"]
[SourceQuality "1"]

1. e4 c5 2. Nc3 Nc6 3. g3 g6 4. Bg2 Bg7 5. Nge2 e6 6. 0-0 Nge7 7. d3 d6 8. Bg5 h6 9. Be3 0-0 10. Qd2 Kh7 11. d4 b6 12. f4 Ba6 13. Rf2 d5 14. f5 exf5 15. exd5 Bxe2 16. dxc5 Ne5 17. Qxe2 bxc5 18. Rd1 Rc8 19. h3 Re8 20. Qa6 Qb6 21. Qxb6 axb6 22. Bf4 Rcd8 23. Nb5 g5 24. Bxe5 Bxe5 25. Re2 Nc8 26. d6 Bxd6 27. Rxe8 Rxe8 28. Bc6 Re2 29. Nxd6 Nxd6 30. Rxd6 Rxc2 31. Bb5 Rxb2 32. a4 Rb1+ 33. Kf2 Rb2+ 34. Ke1 Rb1+ 35. Kd2 Rb2+ 36. Kc3 Rg2 37. Rxb6 Rxg3+ 38. Bd3 Rxh3 39. a5 g4 40. a6 c4 41. Kxc4 Rh4 42. Bxf5+ Kg7 43. Rb1 g3+ 44. Kb3 Rf4 45. a7 Rf3+ 46. Kb2 Rxf5 47. a8Q h5 48. Qe4 1-0

[Event "St Petersburg Korchnoi Memorial op"]
[Site "St Petersburg"]
[Date "2019.08.21"]
[Round "8"]
[White "Pranizin, Gennady"]
[Black "Zavgorodniaya, Alena"]
[Result "1/2-1/2"]
[WhiteElo "2232"]
[BlackElo "2105"]
[PlyCount "110"]
[EventDate "2019.08.14"]
[EventType "swiss"]
[EventRounds "9"]
[EventCountry "RUS"]
[SourceTitle "CBM 192"]
[Source "ChessBase"]
[SourceDate "2019.10.31"]
[SourceVersion "1"]
[SourceVersionDate "2019.10.31"]
[SourceQuality "1"]

1. e4 e5 2. Nf3 Nc6 3. Bb5 a6 4. Ba4 Nf6 5. 0-0 Bc5 6. c3 b5 7. Bc2 d5 8. d4 dxe4 9. dxc5 Qxd1 10. Bxd1 exf3 11. Bxf3 e4 12. Be2 Bg4 13. f3 exf3 14. gxf3 Be6 15. Re1 0-0 16. b4 Nd5 17. a4 Ne5 18. Bd2 c6 19. Na3 Ng6 20. Nc2 Ndf4 21. Bxf4 Nxf4 22. Nd4 Bd5 23. Kf2 g6 24. Red1 Rae8 25. Bf1 Re5 26. axb5 axb5 27. Ra6 Rc8 28. Re1 Rxe1 29. Kxe1 Ne6 30. Nxe6 fxe6 31. Kf2 Rf8 32. Be2 Rf7 33. Ke3 e5 34. Ra8+ Kg7 35. Rd8 g5 36. Rxd5 cxd5 37. Bxb5 Kf6 38. Bc6 Ke6 39. b5 h5 40. b6 g4 41. fxg4 hxg4 42. Bb5 d4+ 43. cxd4 Rf3+ 44. Ke2 exd4 45. Bc6 Rh3 46. b7 Rxh2+ 47. Kd3 Rb2 48. Kxd4 g3 49. Kc3 Rb1 50. Be4 Rb5 51. Kc4 Rb2 52. c6 g2 53. Bxg2 Kd6 54. Kc3 Rb5 55. Kc4 Rb1 1/2-1/2

[Event "St Petersburg Korchnoi Memorial op"]
[Site "St Petersburg"]
[Date "2019.08.15"]
[Round "2"]
[White "Pranizin, Gennady"]
[Black "Kuizhev, Adam"]
[Result "1-0"]
[WhiteElo "2232"]
[BlackElo "1804"]
[PlyCount "45"]
[EventDate "2019.08.14"]
[EventType "swiss"]
[EventRounds "9"]
[EventCountry "RUS"]
[SourceTitle "CBM 192"]
[Source "ChessBase"]
[SourceDate "2019.10.31"]
[SourceVersion "1"]
[SourceVersionDate "2019.10.31"]
[SourceQuality "1"]

1. e4 c6 2. d4 d5 3. exd5 cxd5 4. Bd3 Nf6 5. Ne2 Nc6 6. 0-0 Bg4 7. c3 e6 8. Qb3 Bxe2 9. Bxe2 Qb6 10. Bf4 Kd7 11. Na3 Bd6 12. Bxd6 Kxd6 13. Nb5+ Kd7 14. c4 Rab8 15. Qg3 Nxd4 16. Nxd4 Qxd4 17. cxd5 Nxd5 18. Rad1 Qxb2 19. Bc4 Rhd8 20. Rfe1 Rbc8 21. Bxd5 exd5 22. Qg4+ Kc7 23. Qf4+ 1-0

[Event "Eurasia Cup op"]
[Site "Ekaterinburg"]
[Date "2019.08.02"]
[Round "3"]
[White "Yadigarov, Aivaz"]
[Black "Pranizin, Gennady"]
[Result "1-0"]
[WhiteElo "1938"]
[BlackElo "2232"]
[PlyCount "78"]
[EventDate "2019.07.31"]
[EventType "swiss"]
[EventRounds "9"]
[EventCountry "RUS"]
[SourceTitle "CBM 191 Extra"]
[Source "ChessBase"]
[SourceDate "2019.09.30"]
[SourceVersion "1"]
[SourceVersionDate "2019.09.30"]
[SourceQuality "1"]

1. d4 d5 2. c4 dxc4 3. Nf3 Nf6 4. Nc3 Nc6 5. Bf4 Nd5 6. Bg5 h6 7. Bh4 Bg4 8. e3 Nxc3 9. bxc3 Qd5 10. Qe2 Qh5 11. Bg3 e5 12. Qxc4 Bxf3 13. gxf3 exd4 14. Rb1 Qxf3 15. Rg1 dxe3 16. Bg2 exf2+ 17. Bxf2 Qf6 18. Rxb7 Qe5+ 19. Qe2 0-0-0 20. Qxe5 Nxe5 21. Rxa7 Bd6 22. Bh3+ Kb8 23. Ke2 Nc4 24. Rb1+ Nb6 25. Ra5 Rhe8+ 26. Kf1 Re5 27. Rxe5 Bxe5 28. c4 Ka7 29. a4 Ka6 30. Bg2 Bd4 31. Rd1 c5 32. Bc6 Nc8 33. Be1 Na7 34. Bd5 Rb8 35. Bg3 Rb6 36. Re1 Nc8 37. Re8 Rf6+ 38. Kg2 Nb6 39. Bf3 Re6 1-0

[Event "Moscow op-A 15th"]
[Site "Moscow"]
[Date "2019.02.01"]
[Round "7"]
[White "Nikitenko, Mihail"]
[Black "Pranizin, Gennady"]
[Result "1/2-1/2"]
[WhiteElo "2402"]
[BlackElo "2228"]
[PlyCount "86"]
[EventDate "2019.01.26"]
[EventType "swiss"]
[EventRounds "9"]
[EventCountry "RUS"]
[SourceTitle "CBM 188 Extra"]
[Source "ChessBase"]
[SourceDate "2019.02.26"]
[SourceVersion "1"]
[SourceVersionDate "2019.02.26"]
[SourceQuality "1"]

1. e4 e5 2. Bc4 Nf6 3. d3 Nc6 4. a3 Be7 5. Nc3 d6 6. Nge2 Bg4 7. h3 Bxe2 8. Nxe2 d5 9. exd5 Nxd5 10. 0-0 0-0 11. Ng3 Nf4 12. Nh5 Bd6 13. Qg4 Nxh5 14. Qxh5 Qf6 15. Bd5 Qg6 16. Qxg6 hxg6 17. f4 Nd4 18. fxe5 Bxe5 19. c3 Rad8 20. Be4 Nb3 21. Rb1 Nc5 22. Bf3 Rxd3 23. Bg5 Bf6 24. Bf4 Ne6 25. Bh2 c6 26. Kh1 Ng5 27. Be2 Re3 28. Bc4 b5 29. Bf4 Re7 30. Bb3 Ne4 31. Rbd1 Rfe8 32. Ba2 Kf8 33. Kg1 a5 34. Bh2 b4 35. axb4 axb4 36. cxb4 Rb7 37. Bc4 Rxb4 38. b3 c5 39. Rf4 g5 40. Rf5 Bd4+ 41. Kf1 f6 42. Rf3 Re7 43. Rfd3 Ra7 1/2-1/2

[Event "Sochi ChessAmateur op10"]
[Site "Sochi"]
[Date "2018.10.18"]
[Round "9"]
[White "Pranizin, Gennady"]
[Black "Styazhkina, Anna"]
[Result "1-0"]
[WhiteElo "2193"]
[BlackElo "2268"]
[PlyCount "43"]
[EventDate "2018.10.12"]
[EventType "swiss"]
[EventRounds "9"]
[EventCountry "RUS"]
[SourceTitle "CBM 187 Extra"]
[Source "ChessBase"]
[SourceDate "2018.11.04"]
[SourceVersion "1"]
[SourceVersionDate "2018.11.04"]
[SourceQuality "1"]

1. e4 e5 2. Nf3 Nc6 3. Bb5 a6 4. Ba4 Nf6 5. 0-0 Bc5 6. Bxc6 dxc6 7. Nxe5 Nxe4 8. Qe2 Qd5 9. Nd3 0-0 10. Nxc5 Nxc5 11. Nc3 Qd6 12. d3 Bf5 13. Qf3 Bg6 14. Qg3 Qd7 15. Ne2 Ne6 16. Be3 c5 17. Qe5 b6 18. Nf4 Nd4 19. Bxd4 cxd4 20. Rfe1 Rfe8 21. Qd5 Qa4 22. Kf1 1-0

[Event "Moscow op-A 14th"]
[Site "Moscow"]
[Date "2018.01.28"]
[Round "2"]
[White "Pranizin, Gennady"]
[Black "Shoshin, Kirill"]
[Result "0-1"]
[WhiteElo "2220"]
[BlackElo "1919"]
[PlyCount "52"]
[EventDate "2018.01.27"]
[EventType "swiss"]
[EventRounds "9"]
[EventCountry "RUS"]
[SourceTitle "CBM 182 Extra"]
[Source "ChessBase"]
[SourceDate "2018.02.23"]
[SourceVersion "1"]
[SourceVersionDate "2018.02.23"]
[SourceQuality "1"]

1. e4 e6 2. d4 d5 3. Nc3 Nf6 4. Bg5 dxe4 5. Nxe4 Be7 6. Bxf6 gxf6 7. Nf3 f5 8. Ng3 a6 9. Be2 Qd6 10. c3 Nd7 11. Qa4 Rb8 12. Qc2 b5 13. Qd2 Bb7 14. Nh5 Rg8 15. Qh6 Rg6 16. Qxh7 Bf8 17. Nh4 Rh6 18. Qg8 Be4 19. Ng7+ Kd8 20. Bh5 Kc8 21. f3 Qf4 22. 0-0 Qxh4 23. fxe4 Kb7 24. exf5 Bd6 25. Bf3+ Ka7 26. Qxb8+ Kxb8 0-1

[Event "Moscow op-A 14th"]
[Site "Moscow"]
[Date "2018.01.27"]
[Round "1"]
[White "Gaifullin, Artur"]
[Black "Pranizin, Gennady"]
[Result "1-0"]
[WhiteElo "2423"]
[BlackElo "2220"]
[PlyCount "102"]
[EventDate "2018.01.27"]
[EventType "swiss"]
[EventRounds "9"]
[EventCountry "RUS"]
[SourceTitle "CBM 182 Extra"]
[Source "ChessBase"]
[SourceDate "2018.02.23"]
[SourceVersion "1"]
[SourceVersionDate "2018.02.23"]
[SourceQuality "1"]

1. d4 Nf6 2. c4 g6 3. Nc3 Bg7 4. e4 d6 5. Nf3 0-0 6. Be2 e5 7. 0-0 Nc6 8. d5 Ne7 9. b4 Ne8 10. c5 f5 11. Nd2 h6 12. a4 g5 13. Ba3 f4 14. Bg4 Bxg4 15. Qxg4 Rf6 16. b5 Ng6 17. cxd6 cxd6 18. Rfc1 Nf8 19. a5 Rg6 20. Nc4 h5 21. Qe2 g4 22. f3 Nh7 23. a6 b6 24. Nd2 Qd7 25. Nd1 Ng5 26. Rc3 Nf6 27. Kh1 g3 28. Rac1 Ne8 29. Qc4 Rd8 30. Qc6 Qe7 31. h3 Bf6 32. Kg1 Rg7 33. R1c2 Qf8 34. Qc4 Rgd7 35. Qe2 Qf7 36. Nb2 Qe7 37. Nd3 Rc7 38. Rxc7 Nxc7 39. Nb4 Qd7 40. Nc6 Ra8 41. Nc4 Nf7 42. Nb2 Ne8 43. Qc4 Bd8 44. Nd3 Bc7 45. Bb2 Nd8 46. Ndxe5 dxe5 47. d6+ Ne6 48. dxc7 N8xc7 49. Bxe5 Nxb5 50. Rc1 Na3 51. Qa2 Rc8 1-0

[Event "Sochi Doroshkevich Amateur op"]
[Site "Sochi"]
[Date "2017.12.27"]
[Round "8"]
[White "Pranizin, Gennady"]
[Black "Filipenko, Alexander V"]
[Result "1-0"]
[WhiteElo "2189"]
[BlackElo "2291"]
[PlyCount "69"]
[EventDate "2017.12.21"]
[EventType "swiss"]
[EventRounds "9"]
[EventCountry "RUS"]
[SourceTitle "CBM 182 Extra"]
[Source "ChessBase"]
[SourceDate "2018.02.23"]
[SourceVersion "1"]
[SourceVersionDate "2018.02.23"]
[SourceQuality "1"]

1. e4 c5 2. Nc3 Nc6 3. g3 g6 4. h4 h5 5. Bg2 Bg7 6. Nge2 Rb8 7. 0-0 b5 8. f4 b4 9. Nd5 e6 10. Ne3 f5 11. Nc4 d5 12. exd5 exd5 13. Ne5 Nge7 14. d4 c4 15. a3 a5 16. axb4 axb4 17. Kh2 0-0 18. Ng1 b3 19. c3 Bb7 20. Ngf3 Qd6 21. Ng5 Ra8 22. Rxa8 Rxa8 23. Re1 Nd8 24. Qe2 Bf6 25. Nxg6 Nxg6 26. Qxh5 Bxg5 27. Qxg5 Nf7 28. Qxf5 Nf8 29. Qh5 Qg6 30. Qxg6+ Nxg6 31. f5 Nf8 32. Re7 Bc6 33. Rc7 Nd8 34. Bg5 Be8 35. Bxd5+ 1-0

[Event "Sochi Doroshkevich Amateur op"]
[Site "Sochi"]
[Date "2017.12.26"]
[Round "7"]
[White "Tsvetkov, Andrey1111"]
[Black "Pranizin, Gennady"]
[Result "1/2-1/2"]
[WhiteElo "2244"]
[BlackElo "2189"]
[PlyCount "80"]
[EventDate "2017.12.21"]
[EventType "swiss"]
[EventRounds "9"]
[EventCountry "RUS"]
[SourceTitle "CBM 182 Extra"]
[Source "ChessBase"]
[SourceDate "2018.02.23"]
[SourceVersion "1"]
[SourceVersionDate "2018.02.23"]
[SourceQuality "1"]

1. d4 Nf6 2. c4 g6 3. Nc3 Bg7 4. e4 d6 5. Nf3 0-0 6. Be2 e5 7. Be3 exd4 8. Nxd4 Re8 9. f3 c6 10. Bf2 d5 11. exd5 cxd5 12. 0-0 Nc6 13. c5 Bf8 14. Kh1 Be6 15. Qd2 Nd7 16. Bb5 Rc8 17. Nxe6 fxe6 18. Na4 a6 19. Be2 Bg7 20. Rac1 Qf6 21. Rfd1 Ne7 22. b4 Kh8 23. Bf1 Qf8 24. Qe1 Nc6 25. Rc2 d4 26. b5 axb5 27. Bxb5 e5 28. Nb6 Rcd8 29. Nxd7 Rxd7 30. Bd3 e4 31. fxe4 Re5 32. Bg3 Rxc5 33. Rf2 Qe8 34. Qd2 Ne5 35. Rdf1 Rdc7 36. Bxe5 Qxe5 37. Qb4 h5 38. Qb6 R5c6 39. Qb2 Rc3 40. Qe2 Qxe4 1/2-1/2

[Event "Sochi Doroshkevich Amateur op"]
[Site "Sochi"]
[Date "2017.12.23"]
[Round "3"]
[White "Chan, Naruna"]
[Black "Pranizin, Gennady"]
[Result "0-1"]
[WhiteElo "1993"]
[BlackElo "2189"]
[PlyCount "60"]
[EventDate "2017.12.21"]
[EventType "swiss"]
[EventRounds "9"]
[EventCountry "RUS"]
[SourceTitle "CBM 182 Extra"]
[Source "ChessBase"]
[SourceDate "2018.02.23"]
[SourceVersion "1"]
[SourceVersionDate "2018.02.23"]
[SourceQuality "1"]

1. e4 e5 2. Nf3 Nc6 3. Bc4 Nf6 4. d3 Bc5 5. 0-0 d6 6. c3 0-0 7. a4 a5 8. Re1 Bb6 9. Be3 Bxe3 10. fxe3 Kh8 11. Qb3 Qe7 12. Nbd2 Nd8 13. Nf1 Be6 14. Ng3 g6 15. d4 Nd7 16. Bxe6 Qxe6 17. Qxe6 Nxe6 18. Rad1 f6 19. Nf1 Kg7 20. N1d2 Nb6 21. Ra1 Rfe8 22. Reb1 Ra6 23. Rc1 Nd7 24. g3 Ng5 25. Nxg5 fxg5 26. Re1 Nf6 27. Re2 Raa8 28. Rf1 Re7 29. Ref2 Nd7 30. Nc4 b6 0-1

[Event "Sochi Doroshkevich Amateur op"]
[Site "Sochi"]
[Date "2017.12.21"]
[Round "1"]
[White "Vasiliev, Maxim"]
[Black "Pranizin, Gennady"]
[Result "0-1"]
[WhiteElo "1864"]
[BlackElo "2189"]
[PlyCount "50"]
[EventDate "2017.12.21"]
[EventType "swiss"]
[EventRounds "9"]
[EventCountry "RUS"]
[SourceTitle "CBM 182 Extra"]
[Source "ChessBase"]
[SourceDate "2018.02.23"]
[SourceVersion "1"]
[SourceVersionDate "2018.02.23"]
[SourceQuality "1"]

1. e4 e5 2. Nc3 Nf6 3. Bc4 Bc5 4. d3 c6 5. Nf3 d6 6. h3 0-0 7. 0-0 b5 8. Bb3 a5 9. a4 Qb6 10. axb5 cxb5 11. Bg5 Nbd7 12. Nh4 Bb7 13. Nf5 a4 14. Ne7+ Kh8 15. Bd5 a3 16. Bxb7 Qxb7 17. bxa3 Bd4 18. Qd2 b4 19. Rab1 bxc3 20. Rxb7 cxd2 21. Bxd2 Rxa3 22. Bb4 Ra6 23. Nf5 Bc5 24. Rb1 Bxb4 25. R1xb4 g6 0-1

[Event "Urals-ch 72nd"]
[Site "Tiumen"]
[Date "2014.03.28"]
[Round "9"]
[White "Drygalov, Sergey"]
[Black "Pranizin, Gennady"]
[Result "1-0"]
[WhiteElo "2059"]
[BlackElo "2169"]
[PlyCount "101"]
[EventDate "2014.03.20"]
[EventType "swiss"]
[EventRounds "9"]
[EventCountry "RUS"]
[SourceTitle "CBM 159 Extra"]
[Source "ChessBase"]
[SourceDate "2014.04.24"]
[SourceVersion "1"]
[SourceVersionDate "2014.04.24"]
[SourceQuality "1"]

1. d4 Nf6 2. Nf3 d5 3. c4 e6 4. cxd5 exd5 5. Nc3 Be7 6. Bg5 0-0 7. e3 c6 8. Bd3 Bg4 9. Qc2 Nbd7 10. h3 Be6 11. Bf4 c5 12. Ng5 h6 13. Nxe6 fxe6 14. 0-0 c4 15. Be2 Qb6 16. Kh1 Bd6 17. Bxd6 Qxd6 18. f4 a6 19. Bf3 Rab8 20. g4 b5 21. Qg2 b4 22. Ne2 g5 23. h4 Kg7 24. Ng3 gxh4 25. Ne2 Kf7 26. Qh3 Ke7 27. Qxh4 c3 28. b3 c2 29. Kg2 Rh8 30. Rac1 Qc6 31. Kf2 Rbg8 32. Ke1 Kd6 33. Rh1 Rc8 34. Qg3 Ke7 35. Rf1 Qb5 36. g5 hxg5 37. fxg5 Ne4 38. Bxe4 dxe4 39. g6 Rhf8 40. Rxf8 Rxf8 41. Qh4+ Kd6 42. Qxe4 Rf5 43. Nf4 Rf6 44. Rxc2 Qg5 45. Rc6+ Ke7 46. Rxe6+ Rxe6 47. Qxe6+ Kd8 48. Qg8+ Ke7 49. g7 Nf6 50. Qe6+ Kd8 51. Qxf6+ 1-0

[Event "Urals-ch 72nd"]
[Site "Tiumen"]
[Date "2014.03.23"]
[Round "4"]
[White "Pranizin, Gennady"]
[Black "Lipatov, Vladislav"]
[Result "1-0"]
[WhiteElo "2169"]
[BlackElo "1912"]
[PlyCount "77"]
[EventDate "2014.03.20"]
[EventType "swiss"]
[EventRounds "9"]
[EventCountry "RUS"]
[SourceTitle "CBM 159 Extra"]
[Source "ChessBase"]
[SourceDate "2014.04.24"]
[SourceVersion "1"]
[SourceVersionDate "2014.04.24"]
[SourceQuality "1"]

1. e4 e6 2. d4 d5 3. Nd2 Nf6 4. e5 Nfd7 5. f4 c5 6. c3 Nc6 7. Ngf3 Qb6 8. Nb3 cxd4 9. Nfxd4 Nc5 10. Bb5 a6 11. Bxc6+ bxc6 12. 0-0 Nxb3 13. axb3 c5 14. Nf3 Rb8 15. f5 Qxb3 16. fxe6 fxe6 17. Qe1 Be7 18. Bg5 Qb7 19. Qh4 h6 20. Qh5+ Kd8 21. b4 Rf8 22. Bxe7+ Qxe7 23. bxc5 Qxc5+ 24. Nd4 Bd7 25. Qh4+ Kc7 26. Qg3 g5 27. Qe3 Qb6 28. Qd3 Rxf1+ 29. Rxf1 Rd8 30. Rb1 Qa7 31. c4 Qc5 32. Qe3 Kc8 33. cxd5 Bb5 34. Rc1 Bc4 35. d6 Kd7 36. Qe4 Ke8 37. Qg6+ Kd7 38. Qf7+ Kc8 39. Qxe6+ 1-0

[Event "Khanty-Mansiysk Governor Cup-B 9th"]
[Site "Khanty-Mansiysk"]
[Date "2013.12.01"]
[Round "4"]
[White "Pranizin, Gennady"]
[Black "Vorobiov, Nikolai"]
[Result "1-0"]
[WhiteElo "2187"]
[BlackElo "1994"]
[PlyCount "81"]
[EventDate "2013.11.28"]
[EventType "swiss"]
[EventRounds "9"]
[EventCountry "RUS"]
[SourceTitle "CBM 157 Extra"]
[Source "ChessBase"]
[SourceDate "2013.12.19"]
[SourceVersion "1"]
[SourceVersionDate "2013.12.19"]
[SourceQuality "1"]

1. e4 b6 2. g3 Bb7 3. Bg2 f5 4. d3 e6 5. Ne2 Nf6 6. Bg5 Be7 7. Nf4 fxe4 8. dxe4 0-0 9. Nc3 h6 10. h4 Qe8 11. Bf3 Bb4 12. Bxf6 Rxf6 13. e5 Bxf3 14. Qxf3 Rxf4 15. gxf4 Nc6 16. 0-0-0 d5 17. exd6 cxd6 18. Rhg1 d5 19. f5 Qf7 20. f6 g6 21. Qd3 Ne5 22. Qe3 Qxf6 23. Qxh6 Bf8 24. Qe3 Kh7 25. Kb1 Bh6 26. Qe2 Nc4 27. h5 g5 28. f4 Rg8 29. fxg5 Rxg5 30. Rgf1 Rf5 31. Rxf5 Qxf5 32. Qd3 Ne3 33. Re1 Qxd3 34. cxd3 Kg7 35. Nd1 Nxd1 36. Rxd1 Be3 37. d4 Kh6 38. Kc2 Kxh5 39. Kd3 Bf4 40. Re1 e5 41. dxe5 1-0

[Event "Khanty-Mansiysk Governor Cup-B 9th"]
[Site "Khanty-Mansiysk"]
[Date "2013.11.30"]
[Round "3"]
[White "Gorbatov, Alexej"]
[Black "Pranizin, Gennady"]
[Result "1-0"]
[WhiteElo "2360"]
[BlackElo "2187"]
[PlyCount "97"]
[EventDate "2013.11.28"]
[EventType "swiss"]
[EventRounds "9"]
[EventCountry "RUS"]
[SourceTitle "CBM 157 Extra"]
[Source "ChessBase"]
[SourceDate "2013.12.19"]
[SourceVersion "1"]
[SourceVersionDate "2013.12.19"]
[SourceQuality "1"]

1. e4 e5 2. Nf3 Nc6 3. Bb5 Nf6 4. 0-0 Nxe4 5. d4 Nd6 6. Bxc6 dxc6 7. dxe5 Nf5 8. Qxd8+ Kxd8 9. Nc3 Be7 10. h3 Bd7 11. Bg5 h6 12. Bxe7+ Nxe7 13. Rad1 Kc8 14. Rd2 c5 15. Rfd1 Be6 16. Ne2 Ng6 17. Ng3 b6 18. Nh5 Rg8 19. a3 a5 20. Re1 Kb7 21. Nh2 Ne7 22. f4 g6 23. Nf6 Rgd8 24. Red1 Rxd2 25. Rxd2 Kc6 26. Kf2 b5 27. Nf3 a4 28. c3 Bd5 29. g4 Rb8 30. Kg3 Be6 31. Kf2 Rh8 32. Kg3 Rb8 33. h4 h5 34. f5 gxf5 35. gxh5 Nd5 36. Ng5 Rh8 37. Ngh7 Ne3 38. Kf4 Nc4 39. Re2 b4 40. cxb4 cxb4 41. axb4 Rb8 42. h6 Rxb4 43. Nf8 Nd2+ 44. Ke3 Nf1+ 45. Kf2 Rf4+ 46. Ke1 Rxh4 47. Nxe6 fxe6 48. Rc2+ Kb7 49. Kxf1 1-0

[Event "Chigorin Memorial 21st"]
[Site "St Petersburg"]
[Date "2013.10.09"]
[Round "5"]
[White "Pranizin, Gennady"]
[Black "Mikhailov, Viacheslav"]
[Result "0-1"]
[WhiteElo "2187"]
[BlackElo "2343"]
[PlyCount "58"]
[EventDate "2013.10.05"]
[EventType "swiss"]
[EventRounds "9"]
[EventCountry "RUS"]
[SourceTitle "CBM 156 Extra"]
[Source "ChessBase"]
[SourceDate "2013.10.22"]
[SourceVersion "1"]
[SourceVersionDate "2013.10.22"]
[SourceQuality "1"]

1. e4 c5 2. Nc3 Nc6 3. g3 g6 4. Bg2 Bg7 5. f4 d6 6. Nf3 Nf6 7. 0-0 0-0 8. d3 Nd4 9. h3 Rb8 10. a4 Nd7 11. f5 Nxf3+ 12. Qxf3 Ne5 13. Qe2 Nc6 14. Nd5 e6 15. f6 Bh8 16. Bh6 exd5 17. Bxf8 Kxf8 18. exd5 Nd4 19. Qf2 Nf5 20. c3 Bxf6 21. Rae1 Be5 22. Re3 Qg5 23. Rxe5 dxe5 24. Qxc5+ Kg7 25. Qc7 Qxg3 26. Qxb8 Nh4 27. Rf2 Bxh3 28. Qxa7 Bxg2 29. d6 Nf3+ 0-1

[Event "Chigorin Memorial 21st"]
[Site "St Petersburg"]
[Date "2013.10.07"]
[Round "3"]
[White "Pranizin, Gennady"]
[Black "Sedykh, Egor"]
[Result "1/2-1/2"]
[WhiteElo "2187"]
[BlackElo "1899"]
[PlyCount "80"]
[EventDate "2013.10.05"]
[EventType "swiss"]
[EventRounds "9"]
[EventCountry "RUS"]
[SourceTitle "CBM 156 Extra"]
[Source "ChessBase"]
[SourceDate "2013.10.22"]
[SourceVersion "1"]
[SourceVersionDate "2013.10.22"]
[SourceQuality "1"]

1. e4 c5 2. Nc3 g6 3. g3 Bg7 4. Bg2 Nc6 5. f4 d6 6. Nf3 Nf6 7. 0-0 0-0 8. d3 Rb8 9. Nh4 Nd4 10. f5 b5 11. Be3 Nd7 12. Qd2 b4 13. Nd5 Bb7 14. Bh6 Bxd5 15. exd5 Ne5 16. Bxg7 Kxg7 17. c3 Nb5 18. d4 bxc3 19. bxc3 cxd4 20. cxd4 Qb6 21. Rad1 Rbc8 22. a4 Nc4 23. Qf2 Nc3 24. f6+ exf6 25. Qxf6+ Kg8 26. Nf5 gxf5 27. Rde1 Ne5 28. Kh1 Ng6 29. h4 Rc4 30. h5 Qxd4 31. Qxf5 Qg4 32. hxg6 hxg6 33. Qxg4 Rxg4 34. Rf6 Rxg3 35. Rxd6 Nxa4 36. Ra6 Nb6 37. Rd1 Nxd5 38. Rxd5 Kg7 39. Rd7 Rg4 40. Raxa7 Rg5 1/2-1/2

[Event "Khanty-Mansiysk Governor Cup-B 8th"]
[Site "Khanty-Mansiysk"]
[Date "2012.11.20"]
[Round "5"]
[White "Grishin, Yury"]
[Black "Pranizin, Gennady"]
[Result "0-1"]
[WhiteElo "1986"]
[BlackElo "2158"]
[PlyCount "46"]
[EventDate "2012.11.15"]
[EventType "swiss"]
[EventRounds "9"]
[EventCountry "RUS"]
[SourceTitle "CBM 151 Extra"]
[Source "ChessBase"]
[SourceDate "2012.12.18"]
[SourceVersion "1"]
[SourceVersionDate "2012.12.18"]
[SourceQuality "1"]

1. e4 e5 2. Nf3 Nc6 3. d4 exd4 4. Nxd4 Nf6 5. Nxc6 bxc6 6. Nc3 Bb4 7. Bd2 Qe7 8. Qe2 0-0 9. f3 Re8 10. 0-0-0 d5 11. Re1 d4 12. Nd1 Rb8 13. c3 dxc3 14. Bxc3 Be6 15. Qa6 Rb6 16. Qa4 Reb8 17. Bd3 Nd7 18. Kd2 Qg5+ 19. Ne3 Nc5 20. Qxa7 Qd8 21. Bxb4 Qxd3+ 22. Kc1 Rxb4 23. Qxc5 Rxb2 0-1

[Event "Khanty-Mansiysk Governor Cup-B 8th"]
[Site "Khanty-Mansiysk"]
[Date "2012.11.15"]
[Round "1"]
[White "Pranizin, Gennady"]
[Black "Sorokina, Natalay"]
[Result "1-0"]
[WhiteElo "2158"]
[BlackElo "1733"]
[PlyCount "87"]
[EventDate "2012.11.15"]
[EventType "swiss"]
[EventRounds "9"]
[EventCountry "RUS"]
[SourceTitle "CBM 151 Extra"]
[Source "ChessBase"]
[SourceDate "2012.12.18"]
[SourceVersion "1"]
[SourceVersionDate "2012.12.18"]
[SourceQuality "1"]

1. e4 e5 2. Nf3 Nc6 3. Bb5 a6 4. Ba4 Nf6 5. 0-0 Be7 6. Re1 b5 7. Bb3 d6 8. c3 0-0 9. d3 Na5 10. Bc2 c5 11. Nbd2 g6 12. Nf1 Nh5 13. Bh6 Ng7 14. a4 Be6 15. d4 exd4 16. cxd4 Bg4 17. axb5 axb5 18. Ne3 Bxf3 19. Qxf3 Nc6 20. Rxa8 Qxa8 21. Nd5 Qd8 22. dxc5 dxc5 23. Qc3 Nd4 24. b4 Bf6 25. e5 Be7 26. Be4 Re8 27. bxc5 Nge6 28. Be3 Bxc5 29. Nf6+ Kg7 30. Bh6+ Kh8 31. Qh3 Qc8 32. Qh4 Rd8 33. Nxh7 Kxh7 34. Bg5+ Kg8 35. Bf6 Ng7 36. Bxd8 Bb4 37. Rf1 Ne2+ 38. Kh1 Qc4 39. Ra1 Qd4 40. Rb1 Nc3 41. Re1 Nd1 42. Bb6 Qd2 43. Rf1 Qe2 44. Qd8+ 1-0